Breve storia dell'opera (Rusconi 1985) (Record n. 74156)

Dettagli MARC
000 -LEADER
fixed length control field 01448nam a2200325Ia 4500
001 - CONTROL NUMBER
control field 26289
003 - CONTROL NUMBER IDENTIFIER
control field IT-RoPAU
008 - FIXED-LENGTH DATA ELEMENTS--GENERAL INFORMATION
fixed length control field 130308s9999 xx 000 0 und d
040 ## - CATALOGING SOURCE
Original cataloging agency IT-RoPAU
040 ## - CATALOGING SOURCE
Transcribing agency IT-RoPAU
041 ## - LANGUAGE CODE
Language code of text/sound track or separate title ITALIANO
999 ## - SYSTEM CONTROL NUMBERS (KOHA)
Koha Dewey Subclass [OBSOLETE] SI
100 ## - MAIN ENTRY--PERSONAL NAME
Personal name Grout Jay Donald
100 ## - MAIN ENTRY--PERSONAL NAME
Miscellaneous information Codice Aut. SPICS: 10972
240 ## - UNIFORM TITLE
Uniform title A SHORT HISTORY OF OPERA
240 ## - UNIFORM TITLE
Miscellaneous information Codice Tit. Orig. Spics: T0445
245 ## - TITLE STATEMENT
Title Breve storia dell'opera (Rusconi 1985)
245 ## - TITLE STATEMENT
Remainder of title Breve storia dell'Opera (Rusconi 1985)
250 ## - EDITION STATEMENT
Edition statement 1a ed.
260 ## - PUBLICATION, DISTRIBUTION, ETC. (IMPRINT)
Place of publication, distribution, etc. MILANO
260 ## - PUBLICATION, DISTRIBUTION, ETC. (IMPRINT)
Name of publisher, distributor, etc. Rusconi
260 ## - PUBLICATION, DISTRIBUTION, ETC. (IMPRINT)
Date of publication, distribution, etc. 1985 [1° Ed.:1985 - Ed.Ling.Originale:1947]
300 ## - PHYSICAL DESCRIPTION
Extent "782 p. (prefazione: no ; testo: 782)"
500 ## - GENERAL NOTE
General note Teatro lirico dei greci Teatro Musicale nel Medioevo dramma Liturgico misteri Balletto Madrigale Camerata fiorentina Recitativo Monodico Orfeo di Monteverdi Opere italiane di Corte nel Seicento Opera Italiana tedesca Ingleselully e L'Opera in Francia Maestri del Primo Settecento Keiser Handel Rameau Scarlatti Opera Seria Opere di Gluck Opera comica nel Settecento Mozart Il grand Opera Opera comique Operetta Opera Lirique Giuseppe Verdi Opera romantica in Germania Wagner Scuole nazionali dell'Opera Impressionismo e Teatro Francese Tradizione e rinnovamento nel Novecento indicazioni Bibliografiche
650 ## - SUBJECT ADDED ENTRY--TOPICAL TERM
Topical term or geographic name as entry element GENERI MUSICALI
650 ## - SUBJECT ADDED ENTRY--TOPICAL TERM
Relator term Codice materia Spics: 7010
942 ## - ADDED ENTRY ELEMENTS (KOHA)
Koha item type LIBRO
957 ## -
-- 1
999 ## - SYSTEM CONTROL NUMBERS (KOHA)
-- 1
Dati di copia
Withdrawn status Lost status Damaged status Not for loan Home library Current library Date acquired Total Checkouts Full call number Date last seen Price effective from Koha item type Public note
    Buone Condizioni Not For Loan SPICS-MEDIATECA SPICS-MEDIATECA 08/03/2013   26289 08/03/2013 08/03/2013 LIBRO Progressivo inserimento: 49059 / N. Volumi: 1 Copie: 1 Copia Rara: SI / data import: 1 marzo 2013 - By Epidotti, Trombetti, Vaglietti.
CREDITS: SOCIETA' SAN PAOLO Via A.Severo, 58 - ROMA (RM) & PERIODICI SAN PAOLO SRL Via Giotto, 36 MILANO & CISF Via Giotto, 36 MILANO & EDIZIONI SAN PAOLO SRL,  Piazza Soncino, 5 CINISELLO BALSAMO (MI) -- ITALY